Spring Blooms/ (Record no. 188300)

MARC details
000 -LEADER
fixed length control field 00594nam a22001817a 4500
005 - DATE AND TIME OF LATEST TRANSACTION
control field 20220517173129.0
010 ## - LCCN (DPL NO)
LC control number ENG-132655
020 ## - INTERNATIONAL STANDARD BOOK NUMBER
International Standard Book Number 9788187364498
Terms of availability 50.00
035 ## - SYSTEM CONTROL NUMBER
System control number EN-116187
037 ## - SOURCE OF ACQUISITION
Source of stock number/acquisition DBAD/PUB
082 ## - DEWEY DECIMAL CLASSIFICATION NUMBER
Classification number 881
100 ## - MAIN ENTRY--PERSONAL NAME
Personal name Rani, S. Sarathjyothsna
245 ## - TITLE STATEMENT
Title Spring Blooms/
Statement of responsibility, etc S. Sarathjyothsna Rani and Translated by Swatee Sripada
260 ## - PUBLICATION, DISTRIBUTION, ETC. (IMPRINT)
Place of publication, distribution, etc Telangana
Name of publisher, distributor, etc V V Ramana
Date of publication, distribution, etc 2016
270 ## - ADDRESS
City Telangana
Address H.No. 1-9-34/4, Road No. 7, Flat No. 101, Sai Prasanna Apartments, Vidya Nagar
Postal code 500044
300 ## - PHYSICAL DESCRIPTION
Extent 34p.
Dimensions 21cm(pbk)
942 ## - ADDED ENTRY ELEMENTS (KOHA)
Source of classification or shelving scheme Dewey Decimal Classification
Item type English Books
Classification part 881
Call number suffix RAN
Holdings
Withdrawn status Lost status Not for loan Collection code Home library Current library Date acquired Source of acquisition Cost, normal purchase price Full call number Barcode Copy number Cost, replacement price Koha item type
      Non-fiction Patel Nagar Patel Nagar 17/05/2022 DBAD/PUB 50.00 881 RAN EN-116187 1 50.00 English Books

© Delhi Public Library
Hit Counter
free hit counter